书目信息 |
| 题名: |
中国古典舞及其审美研究
|
|
| 作者: | 张宁 著 | |
| 分册: | ||
| 出版信息: | 北京 新华出版社 2020.10 |
|
| 页数: | 162页 | |
| 开本: | 24cm | |
| 丛书名: | ||
| 单 册: | ||
| 中图分类: | J722.4 | |
| 科图分类: | ||
| 主题词: | 古典舞蹈--舞蹈美学--研究--中国 | |
| 电子资源: | ||
| ISBN: | 978-7-5166-5418-7 | |
| 000 | 00822nam0 2200229 45 | |
| 001 | 012001001138 | |
| 005 | 20130910153617.0 | |
| 010 | @a978-7-5166-5418-7@dCNY35.00 | |
| 100 | @a20210331d2020 em y0chiy0110 ea | |
| 101 | 0 | @achi |
| 102 | @aCN@b110000 | |
| 105 | @ay z 000yy | |
| 106 | @ar | |
| 200 | 1 | @a中国古典舞及其审美研究@Azhong guo gu dian wu ji qi shen mei yan jiu@f张宁著 |
| 210 | @a北京@c新华出版社@d2020.10 | |
| 215 | @a162页@d24cm | |
| 330 | @a本书分七章,内容包括:中国古典舞的发展历程,中国古典舞的形态构成,中国古典舞的典型表演形式,中国古典舞音乐,中国古典舞的整体审美特色,不同流派中国古典舞的审美特征,中国古典舞鉴赏。 | |
| 606 | 0 | @a古典舞蹈@x舞蹈美学@x研究@y中国 |
| 690 | @aJ722.4@v5 | |
| 701 | 0 | @a张宁@Azhang ning@4著 |
| 801 | @aCN@b江苏凤凰@c20211018 | |
| 905 | @b1342346-9@dJ722.4@e299@f4 | |
| 中国古典舞及其审美研究/张宁著.-北京:新华出版社,2020.10 |
| 162页;24cm |
| ISBN 978-7-5166-5418-7:CNY35.00 |
| 本书分七章,内容包括:中国古典舞的发展历程,中国古典舞的形态构成,中国古典舞的典型表演形式,中国古典舞音乐,中国古典舞的整体审美特色,不同流派中国古典舞的审美特征,中国古典舞鉴赏。 |
| ● |
| 相关链接 |
|
|
|
|
正题名:中国古典舞及其审美研究
索取号:J722.4/299
 
预约/预借
| 序号 | 登录号 | 条形码 | 馆藏地/架位号 | 状态 | 备注 |
| 1 | 1342346 | 213423464 | 第一样本阅览室/ [索取号:J722.4/299] | 在馆 | |
| 2 | 1342347 | 213423473 | 第一借阅区/ [索取号:J722.4/299] | 在馆 | |
| 3 | 1342348 | 213423482 | 第一借阅区/ [索取号:J722.4/299] | 在馆 | |
| 4 | 1342349 | 213423491 | 第一借阅区/ [索取号:J722.4/299] | 在馆 |